| 000 | 01083cad a22001935a 4500 | ||
|---|---|---|---|
| 001 | L151589 | ||
| 008 | 101122s2010 xxk f 000 0 eng d | ||
| 035 | _a(Sirsi) u151589 | ||
| 041 | 0 | _aeng | |
| 110 | 2 |
_aCommission for Architecture and the Built Environment _94058 |
|
| 245 | 0 | 0 |
_aSupermarket-led development _basset or liability? _h[electronic resource] |
| 260 |
_aLondon _bCABE _c2010 |
||
| 520 | _aCABE report warns that supermarket led developments risk becoming a liability rather than an asset to communities if they are not well designed. This is based on a review of 30 major schemes from around the country by retailers including Tesco, Asda and Sainsburys. Argues that these schemes can bring valuable jobs and investment to an area but many are simply repeating old out of town proposals which are not suitable for town centres. | ||
| 590 | _aKA NTK | ||
| 651 | 4 |
_aEngland _y886- |
|
| 690 |
_aPlanning and development _96259 |
||
| 856 | 4 | 0 |
_uhttps://www.cabe.org.uk/files/supermarket-led-development_0.pdf _zView the item free of charge at www.cabe.org.uk |
| 942 | _n0 | ||
| 999 |
_c111463 _d111463 |
||